| 000 | 00530nam a2200193Ia 4500 | ||
|---|---|---|---|
| 003 | GCL | ||
| 008 | 140319s9999 xx 000 0 eng d | ||
| 040 |
_aGCL / _cGCL |
||
| 082 | 0 | 4 |
_a530.1 _bH T |
| 100 | 1 | _aHOLLAND, PETER R. | |
| 245 | 1 | 0 |
_aTHE QUANTUM THEORY OF MOTION / _cHOLLAND, PETER R. |
| 260 |
_a[S.N] : _bCAMBRIBGE UNIVERSITY PRESS ، _c1995 |
||
| 300 | _a598\P | ||
| 650 | 0 | 4 | _aMOTION PICTURES - EDITIING |
| 650 | 0 | 4 | _aQUANTUM THEORY |
| 650 | 0 | 4 | _aMOTION |
| 650 | 0 | 4 | _aRELATIRISTIC QUANTUM THEORY |
| 942 |
_2ddc _cBK |
||
| 999 |
_c23508 _d23508 |
||